[Event "Norrkoeping Easter op"]
[Site "Norrkoeping"]
[Date "2023.04.08"]
[Round "5"]
[White "Malesevic, Nedeljko"]
[Black "Johannessen, Heine N"]
[Result "1/2-1/2"]
[WhiteElo "2225"]
[BlackElo "2036"]
[PlyCount "100"]
[EventDate "2023.04.07"]
[EventType "swiss"]
[EventRounds "8"]
[EventCountry "SWE"]
[SourceTitle "CBM 213 Extra"]
[Source "ChessBase"]
[SourceDate "2023.05.31"]
[SourceVersion "1"]
[SourceVersionDate "2023.05.31"]
[SourceQuality "1"]

1. d4 d5 2. Nf3 Nf6 3. c4 dxc4 4. e3 e6 5. Bxc4 c5 6. 0-0 a6 7. a4 Nc6 8. Qe2 cxd4 9. Rd1 Be7 10. exd4 0-0 11. Nc3 Nb4 12. Ne5 b6 13. Bg5 Bb7 14. Rac1 Nfd5 15. Bxe7 Qxe7 16. Qd2 Rac8 17. Nxd5 Nxd5 18. Be2 f6 19. Nc4 Qd7 20. Bf3 Rc7 21. a5 b5 22. Bxd5 Qxd5 23. Ne3 Qd6 24. Rxc7 Qxc7 25. d5 Rd8 26. d6 Qd7 27. Qd4 Rc8 28. f4 Kf7 29. b4 Ba8 30. h3 Bb7 31. Qd3 g6 32. Qd4 h5 33. Rd2 Rc1+ 34. Kh2 Rc8 35. Qa7 Rc1 36. Nc2 h4 37. Qf2 Bd5 38. Qxh4 Qxd6 39. Qh7+ Kf8 40. Qh6+ Kf7 41. Ne3 g5 42. Rf2 Be4 43. Ng4 Qd4 44. h4 Qa1 45. fxg5 Rh1+ 46. Kg3 Qc3+ 47. Rf3 Qc7+ 48. Kf2 Qc2+ 49. Kg3 Qc7+ 50. Kf2 Qc2+ 1/2-1/2

[Event "Split op 11th"]
[Site "Split"]
[Date "2022.07.17"]
[Round "3"]
[White "Bajlo, Kristijan"]
[Black "Johannessen, Heine N"]
[Result "1/2-1/2"]
[WhiteElo "2201"]
[BlackElo "1945"]
[PlyCount "103"]
[EventDate "2022.07.16"]
[EventType "swiss"]
[EventRounds "9"]
[EventCountry "CRO"]
[SourceTitle "CBM 209 Extra"]
[Source "ChessBase"]
[SourceDate "2022.09.30"]
[SourceVersion "1"]
[SourceVersionDate "2022.09.30"]
[SourceQuality "1"]

1. d4 d5 2. Nf3 Nf6 3. c4 dxc4 4. Nc3 e6 5. Bg5 a6 6. a4 c5 7. e3 Nc6 8. Bxc4 cxd4 9. exd4 Be7 10. 0-0 0-0 11. Qd3 Nb4 12. Qe2 b6 13. Rad1 Bb7 14. Rfe1 Nbd5 15. Ne5 Nxc3 16. bxc3 Nd5 17. Bd2 Bg5 18. Bd3 Bxd2 19. Qxd2 Rc8 20. c4 Ne7 21. Qf4 Ng6 22. Qe3 Qe7 23. Nxg6 hxg6 24. d5 Rfe8 25. Qxb6 Kf8 26. Rb1 Ba8 27. Qxa6 Qa3 28. Be4 exd5 29. Bxd5 Qb4 30. Red1 Qc5 31. h3 Re2 32. Rf1 Bxd5 33. cxd5 Rd2 34. Rb5 Qc4 35. Qd6+ Kg8 36. Rb8 Rxb8 37. Qxb8+ Kh7 38. Qb5 Qxb5 39. axb5 Rb2 40. Rd1 Rxb5 41. Kh2 Kg8 42. Kg3 Kf8 43. Kf4 Ke7 44. g4 Kd6 45. Ke4 Rb4+ 46. Rd4 f5+ 47. gxf5 gxf5+ 48. Ke3 Rb3+ 49. Kf4 Rxh3 50. Kxf5 Rh5+ 51. Kg6 Rxd5 52. Re4 1/2-1/2

[Event "EU-ch Hybrid U16"]
[Site "Tornelo INT"]
[Date "2021.10.15"]
[Round "7"]
[White "Johannessen, Heine N"]
[Black "Petreski, Leonid"]
[Result "1/2-1/2"]
[WhiteElo "1930"]
[BlackElo "1817"]
[PlyCount "124"]
[EventDate "2021.10.15"]
[EventType "swiss"]
[EventRounds "9"]
[EventCountry "NET"]
[SourceTitle "EXT 2023"]
[Source "ChessBase"]
[SourceDate "2022.10.05"]
[SourceVersion "1"]
[SourceVersionDate "2022.10.05"]
[SourceQuality "1"]
[WhiteTeam "Norway"]
[BlackTeam "Macedonia"]
[WhiteTeamCountry "NOR"]
[BlackTeamCountry "MKD"]

1. d4 Nf6 2. Nf3 g6 3. g3 Bg7 4. Bg2 0-0 5. c4 c5 6. 0-0 d6 7. Nc3 Nc6 8. dxc5 dxc5 9. Be3 Be6 10. Qa4 Qb6 11. Qb5 Nd7 12. Ng5 Nd4 13. Bxd4 cxd4 14. Nxe6 Qxe6 15. Nd5 Rab8 16. Rad1 a6 17. Qb4 b5 18. Nxe7+ Kh8 19. Nc6 Rb6 20. Bd5 Qxe2 21. c5 Rxc6 22. Bxc6 Ne5 23. Bb7 f5 24. Rfe1 Qh5 25. Rxd4 Ng4 26. Rxg4 fxg4 27. Bxa6 Qf5 28. Re2 Qb1+ 29. Kg2 Qxa2 30. Bxb5 Qd5+ 31. Kg1 Qd1+ 32. Qe1 Qd5 33. b4 Bd4 34. Re8 Qf7 35. Rxf8+ Qxf8 36. c6 Qf7 37. Qd2 Be5 38. Qd8+ Kg7 39. Qd7 Kf6 40. Qxf7+ Kxf7 41. Be2 h5 42. Bd3 Bc7 43. Kf1 g5 44. Ke2 Ke6 45. Bg6 Kd5 46. b5 Kc5 47. Bxh5 Kxb5 48. Be8 Kc5 49. f3 gxf3+ 50. Kxf3 Kd6 51. Kg4 Ke7 52. Bd7 Kf6 53. Bf5 Bd8 54. h4 gxh4 55. gxh4 Kg7 56. Kf4 Kh8 57. h5 Ba5 58. Ke5 Bc7+ 59. Ke6 Ba5 60. Kd7 Bb6 61. h6 Ba5 62. c7 Bxc7 1/2-1/2

[Event "Straume Bronstein Cup"]
[Site "Straume"]
[Date "2020.10.25"]
[Round "5"]
[White "Johannessen, Heine N"]
[Black "Brattetveit, Kenneth"]
[Result "1-0"]
[WhiteElo "1774"]
[BlackElo "1804"]
[PlyCount "79"]
[EventDate "2020.10.25"]
[EventType "swiss (rapid)"]
[EventRounds "6"]
[EventCountry "NOR"]
[SourceTitle "EXT 2024"]
[Source "ChessBase"]
[SourceDate "2023.10.10"]
[SourceVersion "1"]
[SourceVersionDate "2023.10.10"]
[SourceQuality "1"]

1. e4 e6 2. d4 d5 3. Nd2 Nf6 4. e5 Nfd7 5. f4 c5 6. c3 Nc6 7. Ngf3 cxd4 8. cxd4 Qc7 9. Bd3 Nb4 10. Bb1 b6 11. a3 Nc6 12. 0-0 Ba6 13. Re1 g6 14. b4 Rc8 15. Nb3 Bc4 16. Be3 Ne7 17. g4 h5 18. h3 hxg4 19. hxg4 Qc6 20. Nbd2 Ba6 21. Ra2 Bc4 22. Rc2 b5 23. Nf1 Qa6 24. Bc1 Nc6 25. Rh2 Rxh2 26. Kxh2 Bg7 27. Ng3 Ke7 28. Kg2 Rh8 29. Rh1 Qc8 30. Rxh8 Qxh8 31. f5 gxf5 32. gxf5 f6 33. fxe6 Kxe6 34. exf6 Bxf6 35. Bf5+ Ke7 36. Qe1+ Kd8 37. Qe6 Ncb8 38. Bf4 Qe8 39. Bc7+ Kxc7 40. Qxe8 1-0

[Event "Bergen Grand Prix"]
[Site "Bergen"]
[Date "2019.11.16"]
[Round "3"]
[White "Johannessen, Heine N"]
[Black "Johannessen, Theo N"]
[Result "1-0"]
[WhiteElo "1772"]
[BlackElo "1679"]
[PlyCount "61"]
[EventDate "2019.11.15"]
[EventType "swiss"]
[EventRounds "5"]
[EventCountry "NOR"]
[SourceTitle "CBM 193 Extra"]
[Source "ChessBase"]
[SourceDate "2020.01.31"]
[SourceVersion "1"]
[SourceVersionDate "2020.01.31"]
[SourceQuality "1"]

1. d4 Nf6 2. Nf3 g6 3. g3 Bg7 4. Bg2 0-0 5. c4 d5 6. 0-0 c5 7. dxc5 dxc4 8. Qc2 Qd5 9. Na3 Qxc5 10. Be3 Qb4 11. Bd2 Qc5 12. Rac1 Bf5 13. Qxc4 Qxc4 14. Nxc4 Nc6 15. Bc3 Rac8 16. Rfd1 Rfd8 17. Rxd8+ Rxd8 18. Nce5 Be4 19. h3 h5 20. Nxf7 Kxf7 21. Ng5+ Kg8 22. Nxe4 Nxe4 23. Bxe4 Bxc3 24. Rxc3 Rd2 25. Bxg6 Rxb2 26. Bxh5 Rxa2 27. Bf3 Ra1+ 28. Kg2 Nd4 29. Bxb7 Nxe2 30. Re3 Ng1 31. Kh2 1-0

[Event "NOR-ch West A"]
[Site "Sandsli"]
[Date "2019.06.14"]
[Round "1"]
[White "Johannessen, Heine N"]
[Black "Vagenes, Anders Hjollo"]
[Result "1-0"]
[WhiteElo "1718"]
[BlackElo "1389"]
[PlyCount "83"]
[EventDate "2019.06.14"]
[EventType "swiss"]
[EventRounds "5"]
[EventCountry "NOR"]
[SourceTitle "EXT 2024"]
[Source "ChessBase"]
[SourceDate "2023.10.10"]
[SourceVersion "1"]
[SourceVersionDate "2023.10.10"]
[SourceQuality "1"]

1. d4 d5 2. Nf3 Nf6 3. c4 e6 4. Nc3 Be7 5. Bf4 c6 6. e3 0-0 7. Qc2 h6 8. Rd1 Nbd7 9. a3 dxc4 10. Bxc4 Nb6 11. Ba2 Nh5 12. Bb1 f5 13. Be5 Nf6 14. 0-0 Qe8 15. e4 g5 16. exf5 exf5 17. Rfe1 Qf7 18. Ne2 Nfd5 19. Ng3 h5 20. Qd2 Qg6 21. h4 gxh4 22. Ne2 h3 23. g3 Qg4 24. Nh2 Qg6 25. Nf4 Nxf4 26. Bxf4 Nd5 27. Ba2 Bf6 28. Nf3 Qg4 29. Ne5 Bxe5 30. Bxe5 Kh7 31. Bxd5 cxd5 32. Qf4 Bd7 33. Rc1 Bc6 34. b4 a6 35. f3 Qxf4 36. Bxf4 Rfe8 37. Be5 Re7 38. Kh2 Rae8 39. Kxh3 Kg6 40. Rc5 Rd7 41. Ra1 Bb5 42. a4 1-0